00573nam a2200181Ia 4500003000400000008004100004040001600045082001300061100002500074245006700099260005500166300000900221650002800230650001100258942001200269999001700281952009300298GCL140319s9999 xx 000 0 eng d aGCL / cGCL04a892.7bV1 aSEYYED, HOSSEIN NASR10aLES ETATS SPIRITUELS DANS LE SOUFISME / cSEYYED, HOSSEIN NASR a[S.N] : bACCADEMIA NAZIONALE DEI LINCEI ، c1973 a22 P04aحوادث المرور04aSUFISM 2ddccBK c12470d12470 00104070aCAIbCAId2014-03-26l0o892.7\Vp24234r2014-03-26 00:00:00w2014-03-26yBK